Hospitality sales and promotion : strategies for success
Saved in:
| Main Author: | |
|---|---|
| Format: | Book |
| Language: | English |
| Published: |
Oxford :
Butterworth-Heinemann,
2001
|
| Series: | Professional hospitality guides
|
| Subjects: | |
| Tags: |
Add Tag
No Tags, Be the first to tag this record!
|
MARC
| LEADER | 00000cam a2200000 i 4500 | ||
|---|---|---|---|
| 001 | 1/54698 | ||
| 008 | 040513s2001 eng d | ||
| 020 | |a 0-7506-4986-0 | ||
| 035 | |l 10073306 | ||
| 040 | |a GR-MY-UA |b gre |e aacr | ||
| 041 | 0 | |a eng | |
| 082 | 0 | |a 647.940688 | |
| 100 | 1 | |a Taylor, Derek, |d 1932 August 5- | |
| 245 | 1 | 0 | |a Hospitality sales and promotion : |b strategies for success / |c Derek Taylor |
| 260 | |a Oxford : |b Butterworth-Heinemann, |c 2001 | ||
| 300 | |a xv, 320 σ.; |b εικ.; |c 22 εκ. | ||
| 490 | 1 | |a Professional hospitality guides | |
| 504 | |a Περιλαμβάνει βιβλιογραφία και ευρετήριο | ||
| 650 | 0 | 0 | |a Hospitality industry |x Marketing. |
| 650 | 0 | 0 | |a Hospitality industry |x Management. |
| 830 | 0 | |a Professional hospitality guides | |
| 852 | |a INST |b CHIOS |e 20040513 |h 647.940688 TAY |p 005200023228 |q 005200023228 |t BK |y 0 | ||
| 901 | |a BIBL2-2003-3 | ||
| 909 | |a Χ |b 108868 | ||
| 970 | |a ΣΠΕΝΤΖΑ |b ΕΛΕΝΗ |z 2003/12/05 | ||